000 00655nam a22002177a 4500
003 UA-OsUOA
001 83838
007 ta
008 20120507b un ||||| |||| 00| 0 ukr d
100 _aДемська-Будзуляк Л.
090 _a82
_bД31
942 _cSA
040 _aUA-OsUOA
_bukr
_cUA-OsUOA
_dUA-OsUOA
245 _a20 років незалежноголітературознавства: здобутки і втрати
300 _aС.187-204
955 _a0
041 _aukr
080 _a82
773 0 _w83837
_tСучасність
_dК.
_d2012
_g3
650 7 _a82 Література. Літературознавство
_2UDC
999 _c370140
_d370140